Zinsgewichtete versus herkömmliche Geldmengenaggregate Theorie und empirische Evidenz für die Bundesrepublik Deutschland
Enregistré dans:
| Auteur principal: | |
|---|---|
| Format: | Livre |
| Langue: | allemand |
| Publié: |
Tübingen
Mohr
1996
|
| Édition: | 1. Aufl. |
| Collection: | Kieler Studien
274 |
| Sujets: | |
| Tags: |
Pas de tags, Soyez le premier à ajouter un tag!
|
MARC
| LEADER | 00000nam a2200000 4500 | ||
|---|---|---|---|
| 001 | c014218 | ||
| 005 | 20250509101829.1 | ||
| 020 | |a 3-16-146568-7 | ||
| 041 | 0 | |a ger | |
| 044 | |a DE | ||
| 245 | 1 | 0 | |a Zinsgewichtete versus herkömmliche Geldmengenaggregate |b Theorie und empirische Evidenz für die Bundesrepublik Deutschland |c Jörg W. Krämer |
| 250 | |a 1. Aufl. | ||
| 264 | 1 | |a Tübingen |b Mohr |c 1996 | |
| 300 | |a 194 s. | ||
| 490 | 1 | |a Kieler Studien |v 274 | |
| 830 | 0 | |a Kieler Studien |v 274 | |
| 610 | 2 | 0 | |a peniaze |
| 610 | 2 | 0 | |a úrok |
| 610 | 2 | 0 | |a funkcia Cobb-Douglasova |
| 610 | 2 | 0 | |a agregácia |
| 610 | 2 | 0 | |a ponuka |
| 610 | 2 | 0 | |a dane |
| 610 | 2 | 0 | |a modely |
| 610 | 2 | 0 | |a testy |
| 610 | 2 | 0 | |a dopyt |
| 610 | 2 | 0 | |a simulácia |
| 610 | 2 | 0 | |a politika peňažná |
| 610 | 2 | 0 | |a teória peňažná |
| 610 | 2 | 0 | |a Nemecko |
| 100 | 1 | |a Krämer, Jörg W. | |